Normal view
MARC view
Entry Topical Term
001 - CONTROL NUMBER
- control field: 12030
003 - CONTROL NUMBER IDENTIFIER
- control field: BD-RjUL
005 - DATE AND TIME OF LATEST TRANSACTION
- control field: 20240303151015.0
008 - FIXED-LENGTH DATA ELEMENTS
- fixed length control field: 240303|| aca||aabn | a|a d
040 ## - CATALOGING SOURCE
- Original cataloging agency: BD-RjUL
- Transcribing agency: BD-RjUL
150 ## - HEADING--TOPICAL TERM
- Topical term or geographic name entry element: Bengali Literature
- Form subdivision: Novels
670 ## - SOURCE DATA FOUND
- Source citation: Work cat.: (BD-RjUL)83206: রায়, দেবেশ 11972, বরিশালের যোগেন মণ্ডল : , 2017